000 00753cab a2200253 4500
001 ABS43848
008 090401t1990 xxu||||| |||| 00| 0 eng d
035 _a(Sirsi) u43784
041 _aeng
100 _aVan den Bos, J.
245 _aWhole new wall game
260 _c1990
350 _a0
490 _aChartered Surveyor Weekly
_v33(11) 13 December 1990, 34-43(6)
520 _aStudies the fortunes in the property market in the major European cities Berlin , Paris , Milan , Madrid and Frankfurt . Also speculates on the location of the European Bank .
650 _aEUROPE
650 _aFOREIGN
650 _aINVESTMENT
650 _aOFFICES
650 _aRENTS
690 _aOVERSEAS-EUROPE
942 _n0
948 _c04/03/1997
999 _c27907
_d27907